000 00323nam a22001337a 4500
020 _a81-264-0279-2
082 _a894.812
_bBAL/C
100 _aCHULLIKKAD, BALACHANDRAN
245 _aCHIDAMBARA SMARANA
260 _aKOTTAYAM
_bDC BOOKS
_c2022
300 _a192
650 _aMALAYALAM LITERATURE/ MEMOIR
_zKERALA
942 _cBK
999 _c7188
_d7188